<?xml version="1.0" encoding="UTF-8"?>
<record
    xmlns:xsi="http://www.w3.org/2001/XMLSchema-instance"
    xsi:schemaLocation="http://www.loc.gov/MARC21/slim http://www.loc.gov/standards/marcxml/schema/MARC21slim.xsd"
    xmlns="http://www.loc.gov/MARC21/slim">

  <leader>00968nam a22001937a 4500</leader>
  <controlfield tag="003">IT-MiCISF</controlfield>
  <controlfield tag="005">20250306103424.0</controlfield>
  <controlfield tag="008">170411b        xxu||||| |||| 00| 0 eng d</controlfield>
  <datafield tag="040" ind1=" " ind2=" ">
    <subfield code="c">IT-MiCISF</subfield>
  </datafield>
  <datafield tag="041" ind1=" " ind2=" ">
    <subfield code="a">it</subfield>
  </datafield>
  <datafield tag="100" ind1=" " ind2=" ">
    <subfield code="a">Degl'Innocenti Fulvia, Colombo Silvia</subfield>
    <subfield code="9">56380</subfield>
  </datafield>
  <datafield tag="245" ind1=" " ind2=" ">
    <subfield code="a">Il grande volo</subfield>
  </datafield>
  <datafield tag="260" ind1=" " ind2=" ">
    <subfield code="a">Trecate (NO), </subfield>
    <subfield code="b">Astragalo Edizioni, </subfield>
    <subfield code="c">2023</subfield>
  </datafield>
  <datafield tag="300" ind1=" " ind2=" ">
    <subfield code="a">pp. 40</subfield>
  </datafield>
  <datafield tag="500" ind1=" " ind2=" ">
    <subfield code="a">violenza-in-famiglia, infanzia</subfield>
  </datafield>
  <datafield tag="520" ind1=" " ind2=" ">
    <subfield code="a">A casa di Nina ci sono sere in cui tutto vola. Volano i piatti, volano le parole, volano anche le mani, vola Nina sul mondo ma il coraggio della mamma la far&#xE0; atterrare tra le sue braccia. Un'opera che tratta di violenza assistita, tematica complessa e difficile da trattare ma che grazie alla delicatezza e maestria di Fulvia Degl'Innocenti diventa un albo illustrato adatto a tutte le et&#xE0; e in grado di essere letto su pi&#xF9; livelli. Et&#xE0; di lettura: da 7 anni.</subfield>
  </datafield>
  <datafield tag="650" ind1=" " ind2=" ">
    <subfield code="a">divulgazione</subfield>
    <subfield code="9">56077</subfield>
  </datafield>
  <datafield tag="942" ind1=" " ind2=" ">
    <subfield code="2">ddc</subfield>
    <subfield code="c">BK</subfield>
  </datafield>
  <datafield tag="999" ind1=" " ind2=" ">
    <subfield code="c">336606</subfield>
    <subfield code="d">336606</subfield>
  </datafield>
  <datafield tag="952" ind1=" " ind2=" ">
    <subfield code="0">0</subfield>
    <subfield code="1">0</subfield>
    <subfield code="2">ddc</subfield>
    <subfield code="4">0</subfield>
    <subfield code="6">A_2215_000000000000000</subfield>
    <subfield code="7">1</subfield>
    <subfield code="a">CISF</subfield>
    <subfield code="b">CISF</subfield>
    <subfield code="d">2017-04-11</subfield>
    <subfield code="l">0</subfield>
    <subfield code="o">a2215</subfield>
    <subfield code="p">9788874029808</subfield>
    <subfield code="r">2017-04-11 00:00:00</subfield>
    <subfield code="w">2017-04-11</subfield>
    <subfield code="y">BK</subfield>
  </datafield>
</record>
